000 00709cab a2200229 4500
001 ABS56895
008 090401t1997 xxu||||| |||| 00| 0 eng d
035 _a(Sirsi) u78045
041 _aeng
245 _aMeet the challenge
260 _c1997
350 _a0
490 _aEstates Gazette
_v(9716) 19 April 1997, 123-124(2)
520 _aA Mainly for Students article dicussing the APC interview. Advises candidates on what they need to know to succeed at the interview.
650 _aAPC INTERVIEWS
650 _aAPC
_96216
650 _aGENERAL PRACTICE
650 _aMAINLY FOR STUDENTS
690 _aMANAGEMENT-BUSINESS MANAGEMENT-PROFESSIONAL PRACTICE
942 _n0
948 _c29/04/1997
999 _c49099
_d49099